Multivariate Granger Causality among Oil prices, Gold prices, and KSE100: Evidence from Johansen Cointegration and GARCH Models

Podrobná bibliografia
Hlavní autori: Ahmed, Rizwan Raheem (Author), Vveinhardt, Jolita (Author), Streimikiene, Dalia (Author)
Médium: Článok
Jazyk:English
Témy:
On-line prístup:https://actamont.tuke.sk/ams2018.html
Zdroj: 1. Acta Montanistica Slovaca 1. Roč. 23, č. 2 (2018), s. 216-231 1. 1335-1788
LEADER 01367nab#a2200421#ar4500
001 000124627
003 SVKKK
005 20181205130358.0
008 181205c2018 xo |||||||||||||||b|eng
FMT
015 |a SNBRB2018/12 
038 |a SVKKK 
040 |a SVKKK  |b slo  |e AACR2 
041 0 |a eng  |b eng 
044 |a xo  |c SK 
080 |a 338.5  |x (622.323)  |x (669.21)  |2 2011 
080 |a 303.723  |2 2011 
100 1 |a Ahmed, Rizwan Raheem  |4 aut 
242 1 0 |a Viacrozmerná Grangerova kauzalita medzi cenami ropy, cenami zlata a KSE100: dôkazy z Johansenovej kointegrácie a GARCH modelov  |y slo 
245 1 0 |a Multivariate Granger Causality among Oil prices, Gold prices, and KSE100: Evidence from Johansen Cointegration and GARCH Models  |c Rizwan Raheem Ahmed, Jolita Vveinhardt, Dalia Streimikiene 
300 |b Obr., Tab. 
504 |a Bibliogr. odkazy 
546 |a Res. angl. 
648 0 4 |a 1.1.2010-30.6.2016 
650 0 4 |a ceny  |x ropy  |x zlata 
650 0 4 |a Johansenova kointegrácia 
650 0 4 |a korelačná analýza 
700 1 |a Vveinhardt, Jolita  |4 aut 
700 1 |a Streimikiene, Dalia  |4 aut 
773 0 |t Acta Montanistica Slovaca  |g Roč. 23, č. 2 (2018), s. 216-231  |x 1335-1788 
958 |a NB 
974 |a DZA 
992 |a RBX 
BAS
852 |a SVKKK  |b BIB 
856 4 1 |u https://actamont.tuke.sk/ams2018.html 
EXP
998 |a BAN